| 000 | 00430nam a2200181Ia 4500 | ||
|---|---|---|---|
| 005 | 20250603145745.0 | ||
| 008 | 250603s9999 xx 000 0 und d | ||
| 020 | _a9781009401098 | ||
| 050 | _aHD 2769.2 .U6/ | ||
| 100 | _aAbramson, Alan J | ||
| 245 | 0 | _aStanding up for nonprofits | |
| 260 | _aCambridge | ||
| 260 | _bCambridge University Press | ||
| 260 | _c2024 | ||
| 300 | _a71 p | ||
| 650 | _aCambridge | ||
| 942 | _cBK | ||
| 999 |
_c42764 _d42764 |
||